[Event "Kavala op 28th"]
[Site "Kavala"]
[Date "2019.08.08"]
[Round "6"]
[White "Naboka, Sergey"]
[Black "Tsaknakis, Zisis"]
[Result "1/2-1/2"]
[WhiteElo "2323"]
[BlackElo "2233"]
[PlyCount "99"]
[EventDate "2019.08.04"]
[EventType "swiss"]
[EventRounds "9"]
[EventCountry "GRE"]
[SourceTitle "CBM 191 Extra"]
[Source "ChessBase"]
[SourceDate "2019.09.30"]
[SourceVersion "1"]
[SourceVersionDate "2019.09.30"]
[SourceQuality "1"]

1. e4 c5 2. Nf3 d6 3. Bb5+ Nd7 4. d4 Qa5+ 5. Nc3 a6 6. Bxd7+ Bxd7 7. 0-0 cxd4 8. Qd2 d3 9. Qxd3 e5 10. Rd1 Rc8 11. Nd5 h6 12. Ne3 Ne7 13. Nc4 Nc6 14. Nxd6+ Bxd6 15. Qxd6 Qc7 16. Qxc7 Rxc7 17. Rd4 Rc8 18. Rd6 Ke7 19. Rd1 Bg4 20. c3 f5 21. h3 Bh5 22. Re1 Bxf3 23. gxf3 f4 24. b3 Rhd8 25. Ba3+ Ke6 26. Rad1 b5 27. Kf1 b4 28. Bxb4 Rxd1 29. Rxd1 Nxb4 30. cxb4 Rc2 31. Rd5 Rxa2 32. b5 axb5 33. Rxb5 Rb2 34. h4 Rb1+ 35. Kg2 h5 36. Rb7 Kf6 37. b4 g6 38. b5 Ke6 39. b6 Kf6 40. Rb8 Kg7 41. b7 Kh7 42. Re8 Rxb7 43. Rxe5 Kg7 44. Rd5 Rb1 45. Rd4 Re1 46. Ra4 Kf6 47. Ra6+ Kg7 48. Rb6 Kf7 49. Rb7+ Kf6 50. Rb6+ 1/2-1/2

[Event "Kavala op 28th"]
[Site "Kavala"]
[Date "2019.08.04"]
[Round "1"]
[White "Konstantinidis, Konstantinos"]
[Black "Naboka, Sergey"]
[Result "0-1"]
[WhiteElo "2004"]
[BlackElo "2323"]
[PlyCount "82"]
[EventDate "2019.08.04"]
[EventType "swiss"]
[EventRounds "9"]
[EventCountry "GRE"]
[SourceTitle "CBM 191 Extra"]
[Source "ChessBase"]
[SourceDate "2019.09.30"]
[SourceVersion "1"]
[SourceVersionDate "2019.09.30"]
[SourceQuality "1"]

1. e4 e6 2. d4 d5 3. Nd2 Be7 4. Bd3 c5 5. dxc5 Nf6 6. Qe2 Nc6 7. Ngf3 0-0 8. 0-0 Bxc5 9. Nb3 Be7 10. exd5 exd5 11. h3 Re8 12. c3 Bd6 13. Qc2 Ne4 14. Be3 Qf6 15. Nbd2 Bf5 16. Rfe1 Rac8 17. a3 a5 18. Rad1 b5 19. Qb1 h6 20. Bd4 Nxd4 21. Nxd4 Nxd2 22. Rxd2 Bxh3 23. Bf1 Bd7 24. g3 b4 25. axb4 axb4 26. Rxe8+ Rxe8 27. Bg2 Qg5 28. Nf3 Qh5 29. c4 Bf5 30. Qd1 Be4 31. cxd5 Rc8 32. Ne1 Qxd1 33. Rxd1 Bf5 34. Bf3 b3 35. Ng2 Be5 36. Ne3 Bc2 37. Rd2 Bxb2 38. d6 Bc3 39. Nd5 Bxd2 40. Ne7+ Kf8 41. Nxc8 b2 0-1

[Event "Dubai op 21st"]
[Site "Dubai"]
[Date "2019.04.04"]
[Round "4"]
[White "Naboka, Sergey"]
[Black "Iniyan, Panneerseluam"]
[Result "0-1"]
[WhiteElo "2327"]
[BlackElo "2487"]
[PlyCount "66"]
[EventDate "2019.04.01"]
[EventType "swiss"]
[EventRounds "9"]
[EventCountry "UAE"]
[SourceTitle "CBM 189 Extra"]
[Source "ChessBase"]
[SourceDate "2019.06.03"]
[SourceVersion "1"]
[SourceVersionDate "2019.06.03"]
[SourceQuality "1"]

1. e4 c5 2. Nf3 d6 3. d4 cxd4 4. Nxd4 a6 5. Nc3 e6 6. Be2 b5 7. 0-0 Bb7 8. a3 Nf6 9. f3 Nbd7 10. Be3 Be7 11. Qe1 0-0 12. Rd1 Rc8 13. Qg3 Ne5 14. f4 Rxc3 15. bxc3 Nxe4 16. Qh3 Nc4 17. Bd3 Nxe3 18. Qxe3 Qa8 19. Rde1 d5 20. Qh3 Bxa3 21. Kh1 Bc5 22. Re3 Qa7 23. f5 exf5 24. Nxf5 Bc8 25. Bxe4 g6 26. Rg3 dxe4 27. Nh6+ Kg7 28. Nf5+ Bxf5 29. Qxf5 Qe7 30. Qd5 Rd8 31. Qc6 e3 32. Rgf3 e2 33. Rxf7+ Kg8 0-1

[Event "Krakow op-A 29th"]
[Site "Krakow"]
[Date "2018.12.31"]
[Round "6"]
[White "Naboka, Sergey"]
[Black "Gombocz, Ferenc Jr"]
[Result "1/2-1/2"]
[WhiteElo "2324"]
[BlackElo "2263"]
[PlyCount "196"]
[EventDate "2018.12.27"]
[EventType "swiss"]
[EventRounds "9"]
[EventCountry "POL"]
[SourceTitle "CBM 188 Extra"]
[Source "ChessBase"]
[SourceDate "2019.02.26"]
[SourceVersion "1"]
[SourceVersionDate "2019.02.26"]
[SourceQuality "1"]

1. e4 e5 2. Nf3 Nc6 3. Bb5 g6 4. d4 exd4 5. Bg5 Be7 6. Bxe7 Qxe7 7. Bxc6 dxc6 8. Qxd4 Nf6 9. Nc3 Bg4 10. Nd2 c5 11. Qe3 Bd7 12. 0-0 0-0 13. f4 Rad8 14. Nf3 Rfe8 15. Rae1 b5 16. Ne5 b4 17. Ne2 Bb5 18. Rf3 Nd7 19. Nxd7 Rxd7 20. Ng3 Qd6 21. e5 Qd2 22. Ne4 Qxe3+ 23. Rfxe3 Kf8 24. Nf6 Rd2 25. Nxe8 Kxe8 26. a4 Bxa4 27. R3e2 Rxc2 28. Rxc2 Bxc2 29. Ra1 c4 30. Rxa7 c3 31. bxc3 b3 32. Rb7 Kd7 33. c4 Kc6 34. Rb5 Bd3 35. Rxb3 Bxc4 36. Rb8 Kd5 37. Kf2 Ke4 38. g3 Be6 39. Ke2 c5 40. Rb7 h5 41. Ra7 c4 42. Ra3 Kf5 43. Kf3 Bd5+ 44. Ke3 Kg4 45. Kd4 Be6 46. Ke4 Bf5+ 47. Kd4 Be6 48. Ke3 Bd5 49. Ra5 Be6 50. Kf2 Kh3 51. Kg1 h4 52. Ra3 Kg4 53. Kf2 Bd5 54. Ke3 hxg3 55. hxg3 Be6 56. Ke4 Bf5+ 57. Kd4 Be6 58. Re3 Kh3 59. Kc5 Kg4 60. Kd6 Kh3 61. Ke7 Bd5 62. Kd6 Be6 63. Kc5 Kg4 64. Kd4 Kh3 65. Kc3 Kg4 66. Kd2 Bf5 67. Ke1 Be6 68. Kf2 Bd5 69. Ra3 Kf5 70. Ke3 Kg4 71. Ra5 Be6 72. Kf2 g5 73. Ke3 Kxg3 74. fxg5 Kg4 75. g6 fxg6 76. Ke4 c3 77. Ra1 c2 78. Rg1+ Kh3 79. Kf4 Kh4 80. Rh1+ Bh3 81. Ke3 Kg5 82. Kd2 Be6 83. Rf1 Bf5 84. Re1 Be6 85. Kxc2 Kf4 86. Kd3 g5 87. Kd4 g4 88. Rf1+ Kg5 89. Rf6 g3 90. Ke3 Bd5 91. Rd6 Ba8 92. Rd8 Bc6 93. Rf8 Bd5 94. Ke2 Kg6 95. Ke3 Kg5 96. Rd8 Bc6 97. Rg8+ Kf5 98. Rxg3 Kxe5 1/2-1/2

[Event "Krakow op-A 29th"]
[Site "Krakow"]
[Date "2018.12.30"]
[Round "5"]
[White "Kozak, Antoni"]
[Black "Naboka, Sergey"]
[Result "1/2-1/2"]
[WhiteElo "2236"]
[BlackElo "2324"]
[PlyCount "74"]
[EventDate "2018.12.27"]
[EventType "swiss"]
[EventRounds "9"]
[EventCountry "POL"]
[SourceTitle "CBM 189 Extra"]
[Source "ChessBase"]
[SourceDate "2019.06.03"]
[SourceVersion "1"]
[SourceVersionDate "2019.06.03"]
[SourceQuality "1"]

1. d4 Nf6 2. Nf3 g6 3. c4 Bg7 4. e3 0-0 5. Be2 b6 6. Nc3 Bb7 7. Qc2 d5 8. 0-0 Nbd7 9. Rd1 e6 10. b3 c5 11. cxd5 Nxd5 12. Nxd5 Bxd5 13. Bb2 Rc8 14. dxc5 Rxc5 15. Qd2 Bxb2 16. Qxb2 Qf6 17. Qd2 Ne5 18. Nxe5 Qxe5 19. Rac1 Rfc8 20. Rxc5 Rxc5 21. Rc1 Qc7 22. Rxc5 Qxc5 23. Bf3 Bxf3 24. gxf3 a5 25. Kg2 h5 26. h4 e5 27. Qd8+ Kg7 28. Kg3 Qc6 29. Qd2 Qf6 30. e4 Kh7 31. f4 Kg7 32. fxe5 Qxe5+ 33. Qf4 Qa1 34. Kg2 Qd4 35. Kg3 Qa1 36. Kg2 Qd4 37. Kg3 Qa1 1/2-1/2

[Event "Krakow op-A 29th"]
[Site "Krakow"]
[Date "2018.12.27"]
[Round "1"]
[White "Eggink, Mateusz"]
[Black "Naboka, Sergey"]
[Result "0-1"]
[WhiteElo "2138"]
[BlackElo "2324"]
[PlyCount "58"]
[EventDate "2018.12.27"]
[EventType "swiss"]
[EventRounds "9"]
[EventCountry "POL"]
[SourceTitle "CBM 189 Extra"]
[Source "ChessBase"]
[SourceDate "2019.06.03"]
[SourceVersion "1"]
[SourceVersionDate "2019.06.03"]
[SourceQuality "1"]

1. d4 f5 2. g3 Nf6 3. Bg2 g6 4. c4 Bg7 5. Nc3 d6 6. Bg5 Nc6 7. d5 Ne5 8. Nf3 Nf7 9. Be3 0-0 10. 0-0 Bd7 11. c5 c6 12. cxd6 exd6 13. Qb3 c5 14. Qxb7 Rb8 15. Qxa7 Ng4 16. Bd2 Rxb2 17. Rfc1 Qe7 18. Rab1 Bxc3 19. Bxc3 Rxb1 20. Rxb1 Qxe2 21. Rb2 Qd1+ 22. Ne1 Nge5 23. Qb7 Qc1 24. Rc2 Qa3 25. f4 Ba4 26. Qa6 Ng4 27. Bd2 Re8 28. h3 Qxg3 29. Qxa4 Qf2+ 0-1

[Event "Chigorin Memorial 26th"]
[Site "St Petersburg"]
[Date "2018.11.04"]
[Round "9"]
[White "Naboka, Sergey"]
[Black "Sorokin, Aleksey"]
[Result "0-1"]
[WhiteElo "2345"]
[BlackElo "2522"]
[PlyCount "74"]
[EventDate "2018.10.27"]
[EventType "swiss"]
[EventRounds "9"]
[EventCountry "RUS"]
[SourceTitle "CBM 187 Extra"]
[Source "ChessBase"]
[SourceDate "2018.11.04"]
[SourceVersion "1"]
[SourceVersionDate "2018.11.04"]
[SourceQuality "1"]

1. e4 c6 2. d4 d5 3. e5 Bf5 4. h4 h5 5. Bd3 Bxd3 6. Qxd3 e6 7. Bg5 Be7 8. Bxe7 Nxe7 9. Nd2 c5 10. dxc5 Qa5 11. Ngf3 Qxc5 12. 0-0 Nbc6 13. a3 Ng6 14. b4 Qe7 15. c4 Rd8 16. b5 Ncxe5 17. Nxe5 Nxe5 18. Qd4 f6 19. Qxa7 dxc4 20. Ne4 0-0 21. Qc5 Qxc5 22. Nxc5 Rd5 23. Nxe6 Rc8 24. a4 Nd3 25. b6 Rd6 26. Nc7 Rxb6 27. Nd5 Re6 28. Rfd1 Re2 29. Rab1 Nxf2 30. Rf1 Nd3 31. Rxb7 c3 32. Re7 Rd2 33. Ra7 Rc5 34. Nxf6+ gxf6 35. Rxf6 c2 36. Rg6+ Kf8 37. Rf6+ Ke8 0-1

[Event "Badalona op 44th"]
[Site "Badalona"]
[Date "2018.08.08"]
[Round "8"]
[White "Pulvett Marin, Daniel Eduardo"]
[Black "Naboka, Sergey"]
[Result "1/2-1/2"]
[WhiteElo "2465"]
[BlackElo "2341"]
[PlyCount "173"]
[EventDate "2018.08.01"]
[EventType "swiss"]
[EventRounds "9"]
[EventCountry "ESP"]
[SourceTitle "CBM 185 Extra"]
[Source "ChessBase"]
[SourceDate "2018.07.29"]
[SourceVersion "1"]
[SourceVersionDate "2018.07.29"]
[SourceQuality "1"]

1. Nf3 f5 2. d3 d5 3. g3 Nf6 4. Bg2 g6 5. 0-0 Bg7 6. d4 0-0 7. Bf4 Nbd7 8. Ng5 Nb6 9. Nd2 Ne4 10. Ngf3 c5 11. c3 cxd4 12. cxd4 Bd7 13. Rc1 Rc8 14. Qb3 e6 15. Qb4 Re8 16. b3 Bc6 17. Ne5 a5 18. Qa3 Bf8 19. Qb2 Bb5 20. Nxe4 dxe4 21. Rxc8 Nxc8 22. f3 exf3 23. Bxf3 Qb6 24. Rc1 Bd6 25. a4 g5 26. Bh5 gxf4 27. gxf4 Rf8 28. axb5 Qxb5 29. Bf7+ Rxf7 30. Nxf7 Kxf7 31. Rxc8 a4 32. e3 Qd3 33. bxa4 Qxe3+ 34. Qf2 Qb3 35. Qe2 Bxf4 36. Kg2 Qxa4 37. Rc4 Qa5 38. Rc5 Qd8 39. d5 exd5 40. Qf3 Qh4 41. Qxd5+ Ke7 42. Qxb7+ Ke6 43. Qb3+ Ke7 44. h3 Qg5+ 45. Kh1 Bd6 46. Qb7+ Kf6 47. Qb2+ Kf7 48. Rb5 Qf4 49. Rb7+ Ke6 50. Qe2+ Kf6 51. Qb2+ Ke6 52. Qb3+ Ke5 53. Qc3+ Ke6 54. Qc8+ Kd5 55. Qg8+ Ke5 56. Qg7+ Kd5 57. Qg8+ Ke5 58. Rb5+ Kf6 59. Qd8+ Ke6 60. Qe8+ Kf6 61. Qh8+ Ke6 62. Qc8+ Kf6 63. Qc3+ Ke6 64. Qb3+ Kf6 65. Qb2+ Ke6 66. Qe2+ Kf6 67. Rb1 Qg3 68. Qb2+ Qe5 69. Qxe5+ Bxe5 70. Rb5 h5 71. h4 Bg3 72. Rb4 f4 73. Kg2 Kf5 74. Kf3 Kg6 75. Rb6+ Kg7 76. Rb5 Kg6 77. Rg5+ Kh6 78. Rg8 Kh7 79. Rc8 Kg6 80. Rc6+ Kg7 81. Ke4 Bxh4 82. Kxf4 Be7 83. Kf5 h4 84. Rc7 Kf7 85. Rc3 Bd6 86. Rd3 Ke7 87. Rxd6 1/2-1/2

[Event "Bialystok Zamenhof Memorial 36th"]
[Site "Bialystok"]
[Date "2017.12.31"]
[Round "9"]
[White "Naboka, Sergey"]
[Black "Kowalczyk, Rafal"]
[Result "1-0"]
[WhiteElo "2350"]
[BlackElo "2223"]
[PlyCount "51"]
[EventDate "2017.12.27"]
[EventType "swiss"]
[EventRounds "9"]
[EventCountry "POL"]
[SourceTitle "CBM 182 Extra"]
[Source "ChessBase"]
[SourceDate "2018.02.23"]
[SourceVersion "1"]
[SourceVersionDate "2018.02.23"]
[SourceQuality "1"]

1. e4 e5 2. Nf3 Nc6 3. Bc4 Bc5 4. 0-0 Nf6 5. d4 exd4 6. e5 d5 7. exf6 dxc4 8. Re1+ Be6 9. Ng5 Qd5 10. Nc3 Qf5 11. Nce4 0-0-0 12. g4 Qe5 13. fxg7 Rhg8 14. Nxe6 fxe6 15. Bh6 d3 16. c3 Bb6 17. Qf3 Rxg7 18. Nf6 Rg6 19. Rxe5 Nxe5 20. Qf4 Nf7 21. h4 Rxh6 22. g5 Rg6 23. Qxc4 Rd6 24. Rd1 h6 25. Qe4 Rg7 26. Ne8 1-0

[Event "UKR-ch blitz"]
[Site "Omelnyk"]
[Date "2017.10.14"]
[Round "2"]
[White "Kovalev, Denis"]
[Black "Naboka, Sergey"]
[Result "1-0"]
[WhiteElo "2504"]
[BlackElo "2351"]
[PlyCount "139"]
[EventDate "2017.10.14"]
[EventType "swiss (blitz)"]
[EventRounds "9"]
[EventCountry "UKR"]
[SourceTitle "CBM 181 Extra"]
[Source "ChessBase"]
[SourceDate "2017.12.12"]
[SourceVersion "1"]
[SourceVersionDate "2017.12.12"]
[SourceQuality "1"]

1. Nf3 f5 2. g3 Nf6 3. Bg2 g6 4. 0-0 Bg7 5. c4 0-0 6. Nc3 d6 7. d3 c6 8. Rb1 a5 9. a3 h6 10. b4 axb4 11. axb4 g5 12. Bb2 Qe8 13. Ra1 Rxa1 14. Qxa1 Na6 15. b5 cxb5 16. Nxb5 Bd7 17. Nfd4 e5 18. Nxd6 Qg6 19. Nf3 Ng4 20. Nxb7 e4 21. Bxg7 exf3 22. exf3 Qxg7 23. fxg4 Qxa1 24. Rxa1 Nb4 25. Nc5 Bc6 26. gxf5 Rxf5 27. Bxc6 Nxc6 28. Ne4 Ne5 29. Rd1 Rf3 30. Kg2 Rxd3 31. Rxd3 Nxd3 32. Kf3 Ne5+ 33. Ke3 Nxc4+ 34. Kd4 Nb6 35. Ke5 Kg7 36. Nd6 Kg6 37. f4 gxf4 38. gxf4 Nd7+ 39. Ke6 Nc5+ 40. Ke7 Kh5 41. f5 Nd3 42. f6 Ne5 43. Ke6 Ng6 44. f7 Nf8+ 45. Ke7 Ng6+ 46. Kf6 Nf8 47. Ne4 Kg4 48. Nc5 Kh5 49. Kg7 Ng6 50. Ne4 Nf4 51. Kf6 Nd5+ 52. Ke5 Ne7 53. Ke6 Ng6 54. Ng3+ Kg5 55. Ne2 h5 56. Nd4 Nf8+ 57. Ke7 Ng6+ 58. Ke6 Nf8+ 59. Ke7 Ng6+ 60. Ke8 Kf6 61. Ne2 h4 62. Nf4 Nxf4 63. f8Q+ Kg5 64. Kd7 Kg4 65. Kd6 Ng2 66. Qf2 Kh3 67. Ke5 Kxh2 68. Kf5 Kh3 69. Qf3+ Kh2 70. Ke4 1-0

[Event "UKR-ch rapid"]
[Site "Omelnyk"]
[Date "2017.10.12"]
[Round "3"]
[White "Bogdanovich, Stanislav"]
[Black "Naboka, Sergey"]
[Result "1-0"]
[WhiteElo "2593"]
[BlackElo "2351"]
[PlyCount "59"]
[EventDate "2017.10.12"]
[EventType "swiss (rapid)"]
[EventRounds "9"]
[EventCountry "UKR"]
[SourceTitle "CBM 181 Extra"]
[Source "ChessBase"]
[SourceDate "2017.12.12"]
[SourceVersion "1"]
[SourceVersionDate "2017.12.12"]
[SourceQuality "1"]

1. d4 f5 2. g3 Nf6 3. Bg2 g6 4. Nh3 Bg7 5. Nf4 c6 6. h4 d6 7. d5 cxd5 8. Nxd5 Nxd5 9. Qxd5 e6 10. Qb3 d5 11. h5 Nc6 12. hxg6 hxg6 13. Rxh8+ Bxh8 14. Na3 Qb6 15. Nb5 Nd4 16. Nxd4 Bxd4 17. e3 Qxb3 18. axb3 Bb6 19. c4 Bd7 20. cxd5 exd5 21. Bxd5 0-0-0 22. Bd2 Bb5 23. Rc1+ Kb8 24. Bf7 g5 25. Bc3 Ka8 26. Rd1 Rf8 27. Rd5 f4 28. Rxb5 fxe3 29. Rxg5 a6 30. Rg8 1-0

[Event "Kavala op 25th"]
[Site "Kavala"]
[Date "2016.08.03"]
[Round "6"]
[White "Naboka, Sergey"]
[Black "Markidis, Konstantinos"]
[Result "1-0"]
[WhiteElo "2319"]
[BlackElo "2359"]
[PlyCount "53"]
[EventDate "2016.07.30"]
[EventType "swiss"]
[EventRounds "9"]
[EventCountry "GRE"]
[SourceTitle "CBM 173 Extra"]
[Source "ChessBase"]
[SourceDate "2016.08.29"]
[SourceVersion "1"]
[SourceVersionDate "2016.08.29"]
[SourceQuality "1"]

1. e4 e6 2. d4 d5 3. Nc3 Nf6 4. e5 Nfd7 5. f4 c5 6. Nf3 Be7 7. Be3 b6 8. Qd2 Nc6 9. 0-0-0 c4 10. f5 b5 11. fxe6 fxe6 12. Ng5 Bxg5 13. Bxg5 Qa5 14. Qf4 b4 15. Ne4 dxe4 16. Bxc4 Qc7 17. d5 Rf8 18. Qxe4 Nc5 19. Qe3 Nxe5 20. Bb5+ Bd7 21. Bxd7+ Ncxd7 22. dxe6 Nf6 23. Rhe1 Rc8 24. Qb3 Qc5 25. Rxe5 Qxe5 26. Qa4+ Ke7 27. Qd7# 1-0

[Event "EU-ch rapid"]
[Site "Minsk"]
[Date "2015.12.20"]
[Round "8"]
[White "Naboka, Sergey"]
[Black "Tukhaev, Adam"]
[Result "0-1"]
[WhiteElo "2266"]
[BlackElo "2564"]
[PlyCount "82"]
[EventDate "2015.12.19"]
[EventType "swiss (rapid)"]
[EventRounds "11"]
[EventCountry "BLR"]
[SourceTitle "EXT 2017"]
[Source "ChessBase"]
[SourceDate "2016.10.25"]
[SourceVersion "1"]
[SourceVersionDate "2016.10.25"]
[SourceQuality "1"]

1. e4 c5 2. Nf3 Nc6 3. Bb5 e6 4. Bxc6 bxc6 5. d3 Ne7 6. Qe2 f6 7. Nh4 d5 8. f4 g6 9. c4 Bg7 10. 0-0 0-0 11. Nc3 Rb8 12. Nf3 h6 13. Na4 e5 14. fxe5 fxe5 15. b3 g5 16. Ba3 Ng6 17. Bxc5 Rf7 18. Be3 g4 19. Nd2 Nf4 20. Bxf4 exf4 21. e5 dxc4 22. dxc4 Qd4+ 23. Kh1 Qxe5 24. Qxe5 Bxe5 25. Rae1 Bc7 26. Re8+ Kg7 27. Nc5 Bf5 28. Rfe1 Rxe8 29. Rxe8 Ba5 30. Nde4 f3 31. gxf3 gxf3 32. Kg1 Bb6 33. Kf1 f2 34. Ne6+ Kh7 35. Nf4 Bg4 36. h3 Bf3 37. c5 Rxf4 38. Re7+ Kh8 39. Re8+ Kg7 40. Re7+ Kf8 41. cxb6 Bg2+ 0-1

[Event "EU-ch rapid"]
[Site "Minsk"]
[Date "2015.12.19"]
[Round "6"]
[White "Naboka, Sergey"]
[Black "Bortnyk, Mykola"]
[Result "1-0"]
[WhiteElo "2266"]
[BlackElo "2416"]
[PlyCount "71"]
[EventDate "2015.12.19"]
[EventType "swiss (rapid)"]
[EventRounds "11"]
[EventCountry "BLR"]
[SourceTitle "EXT 2017"]
[Source "ChessBase"]
[SourceDate "2016.10.25"]
[SourceVersion "1"]
[SourceVersionDate "2016.10.25"]
[SourceQuality "1"]

1. e4 Nf6 2. Nc3 d5 3. e5 Nfd7 4. d4 c5 5. dxc5 e6 6. Nf3 Nc6 7. Bf4 Be7 8. h4 Nxc5 9. Bd3 Nxd3+ 10. Qxd3 Nb4 11. Qd2 d4 12. Ne4 Qd5 13. Nd6+ Bxd6 14. exd6 Qe4+ 15. Kf1 Nxc2 16. Rc1 d3 17. Ne1 Nxe1 18. Rxe1 Qd5 19. Rh3 Bd7 20. Kg1 Rc8 21. Rxd3 Qxa2 22. Rg3 Qa4 23. Be5 f6 24. Rxg7 Rc2 25. Qh6 Rxf2 26. Kxf2 fxe5 27. Qh5+ Kd8 28. Qg5+ Kc8 29. Rg8+ Rxg8 30. Qxg8+ Be8 31. Qxe6+ Bd7 32. Qxe5 Qxh4+ 33. Kg1 b5 34. Qc5+ Kb7 35. Qc7+ Ka8 36. Re8+ 1-0

[Event "EU-ch blitz"]
[Site "Minsk"]
[Date "2015.12.18"]
[Round "12.39"]
[White "Naboka, Sergey"]
[Black "Goganov, Aleksey"]
[Result "1-0"]
[WhiteElo "2266"]
[BlackElo "2597"]
[PlyCount "157"]
[EventDate "2015.12.18"]
[EventType "swiss (blitz)"]
[EventRounds "22"]
[EventCountry "BLR"]
[SourceTitle "EXT 2017"]
[Source "ChessBase"]
[SourceDate "2016.10.25"]
[SourceVersion "1"]
[SourceVersionDate "2016.10.25"]
[SourceQuality "1"]

1. e4 e6 2. d4 d5 3. Nc3 Bb4 4. Qd3 c5 5. dxc5 Nf6 6. exd5 Qxd5 7. Bd2 Qxd3 8. Bxd3 Bxc5 9. Nf3 Nc6 10. Ne4 Nxe4 11. Bxe4 Bd7 12. c3 0-0-0 13. b4 Be7 14. Be3 f5 15. Bc2 Bf6 16. b5 Bxc3+ 17. Ke2 Nb4 18. Ba4 Bxa1 19. Rxa1 b6 20. Ne5 Rhf8 21. Rc1+ Kb7 22. a3 Nd5 23. Bg5 Nf6 24. Nc6 Rc8 25. Rd1 Nd5 26. Bd2 Bxc6 27. bxc6+ Kc7 28. Re1 a6 29. Kf1 Rfe8 30. Bb3 Kxc6 31. Rc1+ Kb7 32. Re1 Kc6 33. Rc1+ Kd6 34. Re1 b5 35. g3 h6 36. h4 Rc6 37. Rd1 Rec8 38. Bf4+ Ke7 39. Bxd5 exd5 40. Rxd5 Ke6 41. Re5+ Kf6 42. Rd5 g5 43. hxg5+ hxg5 44. Be3 Re6 45. Bd4+ Kg6 46. Rd7 Rc4 47. Be3 f4 48. gxf4 gxf4 49. Bd4 f3 50. Kg1 Re4 51. Be3 Rg4+ 52. Kh2 Rg2+ 53. Kh3 Rc8 54. Rd6+ Kf5 55. Rh6 Rc3 56. Rh5+ Ke4 57. Rh4+ Kd3 58. Rf4 Rxa3 59. Rxf3 Rg8 60. Bc5+ Kc4 61. Bxa3 a5 62. Rf4+ Kb3 63. Bd6 b4 64. Bc7 a4 65. Bd6 a3 66. Rxb4+ Kc2 67. Ra4 Rg6 68. Bxa3 Kd3 69. Bc5 Ke2 70. Rg4 Rh6+ 71. Kg3 Rh5 72. Be3 Rf5 73. Kg2 Rf8 74. Kg3 Rf3+ 75. Kg2 Rf8 76. Rg7 Rf6 77. Ba7 Re6 78. Bc5 Re5 79. Re7 1-0

[Event "EU-ch blitz"]
[Site "Minsk"]
[Date "2015.12.18"]
[Round "6.33"]
[White "Potapov, Pavel"]
[Black "Naboka, Sergey"]
[Result "1-0"]
[WhiteElo "2476"]
[BlackElo "2266"]
[PlyCount "97"]
[EventDate "2015.12.18"]
[EventType "swiss (blitz)"]
[EventRounds "22"]
[EventCountry "BLR"]
[SourceTitle "EXT 2017"]
[Source "ChessBase"]
[SourceDate "2016.10.25"]
[SourceVersion "1"]
[SourceVersionDate "2016.10.25"]
[SourceQuality "1"]

1. e4 e6 2. d4 d5 3. Nd2 Nf6 4. e5 Nfd7 5. Bd3 c5 6. c3 Nc6 7. Ngf3 Qb6 8. 0-0 cxd4 9. cxd4 Nxd4 10. Nxd4 Qxd4 11. Nf3 Qb6 12. Qa4 Qb4 13. Qc2 Nb6 14. Be3 Bd7 15. a3 Qg4 16. h3 Qh5 17. Kh2 f5 18. Qc7 Bc6 19. Bxb6 axb6 20. Nd4 Qf7 21. Qxb6 Rc8 22. Rac1 Be7 23. Nxc6 bxc6 24. Rxc6 0-0 25. Rfc1 Rb8 26. Qd4 Bg5 27. f4 Bd8 28. b4 Re8 29. b5 Qb7 30. a4 Bb6 31. Qb4 Qa7 32. R1c2 Ba5 33. Qc5 Bb6 34. Qb4 Ba5 35. Qb1 Qe3 36. Qf1 Bb6 37. Rd6 Ba5 38. Qf3 Qd4 39. Rcc6 Qxa4 40. Rxe6 Rxe6 41. Rxe6 Bd2 42. g3 Bc1 43. Qxd5 Kh8 44. Rd6 Qa5 45. Be2 Ba3 46. Rd7 Qe1 47. Rd8+ Bf8 48. Rxb8 Qf2+ 49. Qg2 1-0

[Event "Lvov Privalov Memorial"]
[Site "Lvov"]
[Date "2015.11.28"]
[Round "9"]
[White "Kryvoruchko, Vita"]
[Black "Naboka, Sergey"]
[Result "1-0"]
[WhiteElo "2205"]
[BlackElo "2243"]
[PlyCount "147"]
[EventDate "2015.11.23"]
[EventType "tourn"]
[EventRounds "9"]
[EventCountry "UKR"]
[EventCategory "1"]
[SourceTitle "CBM 169 Extra"]
[Source "ChessBase"]
[SourceDate "2015.12.18"]
[SourceVersion "1"]
[SourceVersionDate "2015.12.18"]
[SourceQuality "1"]

1. e4 c5 2. b4 cxb4 3. a3 b3 4. cxb3 d5 5. e5 Nc6 6. d4 Bf5 7. Nf3 e6 8. Be2 Nge7 9. Nbd2 Ng6 10. Nf1 Qa5+ 11. Bd2 Qb6 12. Be3 Bxa3 13. Ng3 Bb4+ 14. Kf1 Bg4 15. h4 Nge7 16. h5 h6 17. Rh4 Bf5 18. Bd3 Bxd3+ 19. Qxd3 Na5 20. Rg4 Kf8 21. Nh4 Qa6 22. Qxa6 bxa6 23. Rb1 Rc8 24. Ne2 Nac6 25. Rf4 Ke8 26. g4 a5 27. Rf3 a6 28. Rg3 Na7 29. f4 Nb5 30. f5 Nc3 31. Rc1 Ne4 32. Rxc8+ Nxc8 33. Rf3 Nb6 34. fxe6 fxe6 35. Ng6 Rg8 36. Nef4 Kd7 37. Nd3 Be7 38. Nc5+ Nxc5 39. dxc5 Nc8 40. Rf7 Ke8 41. Rf2 Na7 42. c6 Nb5 43. Nxe7 Kxe7 44. Bc5+ Ke8 45. Bb6 Ke7 46. Bxa5 Nd4 47. Bb4+ Ke8 48. c7 Kd7 49. Rf7+ Kc8 50. Bf8 g6 51. g5 hxg5 52. h6 Nf5 53. h7 Rh8 54. Bd6 Nh6 55. Rf6 Kd7 56. Rxg6 Rxh7 57. Rxg5 Rh8 58. Rg7+ Kc8 59. Re7 Nf5 60. Rxe6 d4 61. Rf6 Ng3+ 62. Kg2 Rg8 63. Kf3 d3 64. Ke3 Nh5 65. Rh6 Ng7 66. Kxd3 Ne8 67. Rh7 Ng7 68. Kc4 Ne6 69. Kd5 Nf4+ 70. Kc6 Ne6 71. Kb6 Nd4 72. b4 Ne6 73. Kxa6 Ng7 74. b5 1-0

[Event "Lvov Privalov Memorial"]
[Site "Lvov"]
[Date "2015.11.27"]
[Round "7"]
[White "Kosakowski, Jakub"]
[Black "Naboka, Sergey"]
[Result "0-1"]
[WhiteElo "2246"]
[BlackElo "2243"]
[PlyCount "84"]
[EventDate "2015.11.23"]
[EventType "tourn"]
[EventRounds "9"]
[EventCountry "UKR"]
[EventCategory "1"]
[SourceTitle "CBM 169 Extra"]
[Source "ChessBase"]
[SourceDate "2015.12.18"]
[SourceVersion "1"]
[SourceVersionDate "2015.12.18"]
[SourceQuality "1"]

1. e4 c5 2. Nf3 Nc6 3. d4 cxd4 4. Nxd4 e5 5. Nb5 d6 6. c4 Be7 7. N1c3 a6 8. Na3 Nf6 9. Bd3 0-0 10. 0-0 Be6 11. Nc2 Nd7 12. Nd5 Nc5 13. Be3 Bg5 14. b4 Nxd3 15. Qxd3 Bxe3 16. Ndxe3 Rc8 17. Rfd1 Qb6 18. Rab1 Rfd8 19. Nf5 Bxf5 20. exf5 d5 21. cxd5 Nd4 22. Ne3 Rc3 23. Qe4 f6 24. h3 Ne2+ 25. Kh2 Rcc8 26. d6 Nc3 27. Nd5 Nxe4 28. Nxb6 Rc6 29. Nd5 Rcxd6 30. Ne3 Nxf2 31. Rxd6 Rxd6 32. b5 h5 33. bxa6 bxa6 34. Kg3 Ne4+ 35. Kh4 Rd4 36. Kxh5 Kh7 37. g4 Rd3 38. Rb3 Nc3 39. Ng2 Rxh3+ 40. Nh4 Ne2 41. g5 Rxb3 42. axb3 Nd4 0-1

[Event "Lvov Privalov Memorial"]
[Site "Lvov"]
[Date "2015.11.27"]
[Round "8"]
[White "Naboka, Sergey"]
[Black "Terletsky, Oleg"]
[Result "1/2-1/2"]
[WhiteElo "2243"]
[BlackElo "2179"]
[PlyCount "78"]
[EventDate "2015.11.23"]
[EventType "tourn"]
[EventRounds "9"]
[EventCountry "UKR"]
[EventCategory "1"]
[SourceTitle "CBM 169 Extra"]
[Source "ChessBase"]
[SourceDate "2015.12.18"]
[SourceVersion "1"]
[SourceVersionDate "2015.12.18"]
[SourceQuality "1"]

1. e4 e5 2. Nf3 Nc6 3. Bb5 a6 4. Bxc6 dxc6 5. 0-0 f6 6. d4 exd4 7. Nxd4 c5 8. Ne2 Qxd1 9. Rxd1 Bd7 10. Bf4 0-0-0 11. Nbc3 Be6 12. Rxd8+ Kxd8 13. Rd1+ Kc8 14. Bg3 g5 15. Nd5 Bxd5 16. Rxd5 b6 17. Nc3 Ne7 18. Rd1 Bg7 19. Nd5 Nxd5 20. Rxd5 Rd8 21. Rxd8+ Kxd8 22. h4 c4 23. f4 gxf4 24. Bxf4 Kd7 25. Kf2 b5 26. Kf3 c6 27. g4 a5 28. Be3 Ke6 29. Bd4 Bf8 30. a3 a4 31. g5 fxg5 32. hxg5 Bd6 33. Kg4 c5 34. Be3 c3 35. bxc3 c4 36. Bc1 Be5 37. Bd2 Bd6 38. Bc1 Be5 39. Bd2 Bd6 1/2-1/2